00605nam a2200181Ia 4500008004100000082001600041100002100057245002400078250000800102260002500110300001300135500002400148650001500172942000700187952010600194952010600300999001700406230524s9999 xx 000 0 und d a621.38bBHA aS.K.Bhattacharya 0aElectrical Machines a2ND aNEW DELHIbTMHc2006 aXVII;543 aQuantity Number: 2 aElectrical cBK 00104070aTATCLbTATCLcGENd2023-05-24l0o621.38 BHAp16280r2023-05-24w2023-05-24yBKzBCSE3303 00104070aTATCLbTATCLcGENd2023-05-24l0o621.38 BHAp16281r2023-05-24w2023-05-24yBKzBCSE3303 c36834d36834